LIBRARY & INFORMATION CENTRE, KCAET, TAVANUR

ONLINE PUBLIC ACCESS CATALOGUE (OPAC)

This is our world:story and pictures / (Record no. 12553)

MARC details
000 -LEADER
fixed length control field 00379cam a2200145ua 4500
041 ## - LANGUAGE CODE
Language code of text/sound track or separate title eng
082 ## - DEWEY DECIMAL CLASSIFICATION NUMBER
Classification number 828
Item number BET/TH
100 ## - MAIN ENTRY--AUTHOR NAME
Personal name Bathers, Ray .
245 ## - TITLE STATEMENT
Title This is our world:story and pictures /
260 ## - PUBLICATION, DISTRIBUTION, ETC. (IMPRINT)
Place of publication London :
Name of publisher MacMillan and Company Limited ,
Year of publication 1964.
300 ## - PHYSICAL DESCRIPTION
Number of Pages 47 ; .
942 ## - ADDED ENTRY ELEMENTS (KOHA)
Koha item type Books
Holdings
Withdrawn status Lost status Damaged status Home library Current library Date acquired Full call number Accession Number Koha item type
Withdrawn     KAUAET Sanskrit University 07/04/2012 828 4920 Books
free website counter